000 01073nam a2200217 4500
005 20250508095823.0
008 250508b |||||||| |||| 00| 0 eng d
020 _a9781666869422
037 _cTextual
040 _aRTL
_cRTL
084 _aX:51b4-8 R4
_qRTL
100 _aGordon, Eric
245 _aResearch advances in business and management
260 _aWilmington
_bAmerican academic publisher
_c2024
300 _aix, 356 p.
_bIncludes bibliographical reference and index
520 _aResearch advances in business and management involve exploring and understanding business operations, management practices, and strategies through systematic inquiry. This research aims to solve real-world business problems and contribute to the body of knowledge in management. It often involves a multidisciplinary approach, drawing on various fields like marketing, finance, and organizational behavior.
650 _aStrategic management
650 _aOperations management
_9442602
650 _aBusiness management
942 _2CC
_n0
_cTB
_hX:51b4-8 R4
999 _c1320383
_d1320383